| 000 | 00737cam a2200265 a 4500 | ||
|---|---|---|---|
| 001 | 2931795 | ||
| 003 | OSt | ||
| 005 | 20180116183021.0 | ||
| 008 | 891028s1986 enka b 001 0 eng | ||
| 010 | _a 89133267 | ||
| 020 | _a094651030X | ||
| 040 |
_aDLC _cDLC _dDLC |
||
| 043 | _aa-ba--- | ||
| 050 | 0 | 0 |
_aDS247.B22 _bC56 1986 |
| 082 | 0 | 0 |
_a953.65 CLA 1986 _220 |
| 100 | 1 | _aClarke, Angela. | |
| 245 | 1 | 0 |
_aBahrain, a Heritage Explored _cby Angela Clarke. |
| 260 |
_aLondon : _bMEED Books, _cc1986. |
||
| 300 |
_axx, 246 p. : _bill. ; _c21 cm. |
||
| 500 | _aIncludes index. | ||
| 504 | _aBibliography: p. 221-223. | ||
| 651 | 0 |
_aBahrain _xGuidebooks. |
|
| 906 |
_a7 _bcbc _corignew _d3 _encip _f19 _gy-gencatlg |
||
| 942 |
_2ddc _cBK |
||
| 999 |
_c350593 _d350593 |
||